000 00287nam a2200109Ia 4500
008 200302s9999 xx 000 0 und d
100 _aCharles Merrick Gay
245 _aMaterials and Methods of Archtectural Construction
260 _bJohn Wiley & Sons Inc.
260 _c1943
300 _a635 P.,
999 _c4
_d4